The weathering of natural building stones (Record no. 103720)
[ view plain ]
| 000 -LEADER | |
|---|---|
| fixed length control field | 01104cam a2200217 4500 |
| 001 - CONTROL NUMBER | |
| control field | L127307 |
| 008 - FIXED-LENGTH DATA ELEMENTS--GENERAL INFORMATION | |
| fixed length control field | 040910n2004 000 0 eng u |
| 020 ## - INTERNATIONAL STANDARD BOOK NUMBER | |
| International Standard Book Number | 1873394691 |
| 035 ## - SYSTEM CONTROL NUMBER | |
| System control number | (Sirsi) u127307 |
| 041 ## - LANGUAGE CODE | |
| Language code of text/sound track or separate title | eng |
| 050 ## - LIBRARY OF CONGRESS CALL NUMBER | |
| Classification number | 693.1 |
| -- | 18 |
| 100 ## - MAIN ENTRY--PERSONAL NAME | |
| Personal name | Schaffer, R.J. |
| 245 #4 - TITLE STATEMENT | |
| Title | The weathering of natural building stones |
| 260 ## - PUBLICATION, DISTRIBUTION, ETC. | |
| Place of publication, distribution, etc. | Shaftesbury |
| Name of publisher, distributor, etc. | Donhead |
| Date of publication, distribution, etc. | 2004 |
| 300 ## - PHYSICAL DESCRIPTION | |
| Extent | 149p. |
| Other physical details | ill. |
| Dimensions | 25cm. |
| 350 ## - PRICE (NR) (BK AM CF MU VM SE) [OBSOLETE] | |
| Price | 33 |
| 520 ## - SUMMARY, ETC. | |
| Summary, etc. | Outlines the various types of stones and examines the weathering associated with natural defects inherent in the stones themselves. Considers the issues of weathering caused by bad workmanship or errors in the selection of material. Discusses decay through chemical reactions, living organisms and the effects of water and frost. Concludes with advice and recommendations on how to prevent long term decay through appropriate repair, replacement and cleaning of stone. This study was first published in 1932. |
| 690 ## - LOCAL SUBJECT ADDED ENTRY--TOPICAL TERM (OCLC, RLIN) | |
| Topical term or geographic name as entry element | BUILT ENVIRONMENT-BUILDING MATERIALS-STONE-NATURAL STONE |
| 690 ## - LOCAL SUBJECT ADDED ENTRY--TOPICAL TERM (OCLC, RLIN) | |
| Topical term or geographic name as entry element | BUILT ENVIRONMENT-BUILDING PATHOLOGY-DETERIORATION |
| 942 ## - ADDED ENTRY ELEMENTS (KOHA) | |
| Suppress in OPAC | 0 |
| Withdrawn status | Lost status | Source of classification or shelving scheme | Damaged status | Not for loan | Home library | Current library | Shelving location | Date acquired | Cost, normal purchase price | Total Checkouts | Full call number | Barcode | Date last seen | Date last checked out | Copy number | Cost, replacement price | Price effective from | Koha item type |
|---|---|---|---|---|---|---|---|---|---|---|---|---|---|---|---|---|---|---|
| Dewey Decimal Classification | London | London | Books | 27/05/2005 | 28.05 | 12 | 693.1 SCH | 30070803 | 06/08/2019 | 08/07/2009 | 1 | 28.05 | 06/08/2019 | Book |